The Council House : (Record no. 25600)

000 -LEADER
fixed length control field 00963cam a2200277 a 4500
001 - CONTROL NUMBER
control field 1828724
003 - CONTROL NUMBER IDENTIFIER
control field OSt
005 - DATE AND TIME OF LATEST TRANSACTION
control field 20170201081107.0
008 - FIXED-LENGTH DATA ELEMENTS--GENERAL INFORMATION
fixed length control field 810727s1980 xx a 001 0 eng
010 ## - LIBRARY OF CONGRESS CONTROL NUMBER
LC control number 80082639
020 ## - INTERNATIONAL STANDARD BOOK NUMBER
International Standard Book Number 0937486000
020 ## - INTERNATIONAL STANDARD BOOK NUMBER
International Standard Book Number 0937486019 (pbk.)
040 ## - CATALOGING SOURCE
Original cataloging agency DLC
Transcribing agency DLC
Modifying agency DLC
043 ## - GEOGRAPHIC AREA CODE
Geographic area code n-us-wi
050 00 - LIBRARY OF CONGRESS CALL NUMBER
Classification number NA6880.5.U62
Item number R333 1980
082 00 - DEWEY DECIMAL CLASSIFICATION NUMBER
Classification number 708.175/96
Edition number 19
245 04 - TITLE STATEMENT
Title The Council House :
Remainder of title the international conference center of S.C. Johnson and Son, Inc., Racine, Wisconsin /
Statement of responsibility, etc. editor, Lee Nordness.
260 ## - PUBLICATION, DISTRIBUTION, ETC. (IMPRINT)
Place of publication, distribution, etc. [S.l.] :
Name of publisher, distributor, etc. Perimeter Press,
Date of publication, distribution, etc. c1980.
300 ## - PHYSICAL DESCRIPTION
Extent 230 p. :
Other physical details ill. (some col.) ;
Dimensions 28 cm.
500 ## - GENERAL NOTE
General note Includes indexes.
610 20 - SUBJECT ADDED ENTRY--CORPORATE NAME
Corporate name or jurisdiction name as entry element Council House (Racine, Wis.)
610 20 - SUBJECT ADDED ENTRY--CORPORATE NAME
Corporate name or jurisdiction name as entry element S.C. Johnson and Son
General subdivision Buildings.
700 1# - ADDED ENTRY--PERSONAL NAME
Personal name Nordness, Lee.
906 ## - LOCAL DATA ELEMENT F, LDF (RLIN)
a 7
b cbc
c orignew
d 2
e opcn
f 19
g y-gencatlg
942 ## - ADDED ENTRY ELEMENTS (KOHA)
Source of classification or shelving scheme
Koha item type Hard Covered Materials
Classification part NA 6880.5 .U62R333 1980
Holdings
Withdrawn status Lost status Source of classification or shelving scheme Damaged status Not for loan Home library Current library Shelving location Date acquired Source of acquisition Total Checkouts Full call number Barcode Date last seen Price effective from Koha item type
          MACHAKOS UNIVERSITY LIBRARY MACHAKOS UNIVERSITY LIBRARY Technical section 01/02/2017 Donation(B.F.A)   NA 6880.5 .U62R333 1980 33504 10/07/2018 01/02/2017 Hard Covered Materials
© Machakos University Library, Along The Highway, Machakos Wote Rd, Machakos, Kenya P.O. Box 136 - 90100 Machakos - Kenya

Tel: ( +254 ) 723 805829 OR Fax : 044-20353 OR Email: library@mksu.ac.ke